000 02443cam a22002294a 4500
005 20250605163945.0
008 250528s ||||||||||||||||||||||||d
035 _a15194
020 _a538077514
040 _aGR-AtMCL
_bgre
_dGR-AtMCL
_eAACR2
245 1 _aBusiness / An Introduction: Eleventh Edition
250 _a11th
260 _bSouth-Western Publishing Co,
_c1987
300 _a834
505 0 _aPreface, Overview of American Business, American Business Enterprise System, Business and Society, Forms of Business Ownership, Management and Organization of Human Resources, Organizing for Management, The Manager's Job, Staffing the Organization, Compensation for Human Resources, Labor-Management Relations, Production and Productivity, American Productivity, Production and Manufacturing Systems, Materials Management, Marketing, Marketing Management, Products and Their Distribution, Promotional Strategies, Prices and Pricing Policies, International Business, Information Management and Controls, Accounting and Financial Statements, Business Information and the Computer, Laws and Ethics for Business, Regulation of Business, Finance, Money and Banking, Financial Strategies, Security and Commodity Exchanges, Risk Management and Insurance, Business and You, Business Career Opportunities, Small Business and Franchising, Glossary, Index.
520 _aPreface, Overview of American Business, American Business Enterprise System, Business and Society, Forms of Business Ownership, Management and Organization of Human Resources, Organizing for Management, The Manager's Job, Staffing the Organization, Compensation for Human Resources, Labor-Management Relations, Production and Productivity, American Productivity, Production and Manufacturing Systems, Materials Management, Marketing, Marketing Management, Products and Their Distribution, Promotional Strategies, Prices and Pricing Policies, International Business, Information Management and Controls, Accounting and Financial Statements, Business Information and the Computer, Laws and Ethics for Business, Regulation of Business, Finance, Money and Banking, Financial Strategies, Security and Commodity Exchanges, Risk Management and Insurance, Business and You, Business Career Opportunities, Small Business and Franchising, Glossary, Index.
700 1 _aLowry James R
_91075
700 1 _aSteade Richard D
_91076
942 _cBK
999 _c788
_d788